You, your child and drugs.

Bibliographic Details
Corporate Author: Child Study Association of America
Format: Book
Language:English
Published: New York] : Child Study Press, [1971]
Edition:[1st ed.
Subjects:

MARC

Tag First Indicator Second Indicator Subfields
LEADER 00000cam a2200000 4500
001 in00000452513
005 20151012095118.0
008 710329s1971 nyu 00000 eng
010 |a  77122013  
020 |a 0871832380  |c $1.50 
035 |a (OCoLC)00129579 
035 |9 ABZ0458AM 
040 |a DLC  |c DLC  |d IUH  |d TXA  |d UtOrBLW 
049 |a TXAM  |c [1146039] 
050 0 0 |a HV5801  |b .C49 
082 0 |a 362.2/93 
110 2 |a Child Study Association of America. 
245 1 0 |a You, your child and drugs. 
250 |a [1st ed. 
264 1 |a New York] :  |b Child Study Press,  |c [1971] 
300 |a 73 pages ;  |c 19 cm. 
336 |a text  |b txt  |2 rdacontent 
337 |a unmediated  |b n  |2 rdamedia 
338 |a volume  |b nc  |2 rdacarrier 
650 0 |a Youth  |x Drug use. 
650 2 |a Substance-Related Disorders  |x in adolescence  |x popular works. 
650 2 |a Parent-Child Relations  |x popular works. 
999 |a MARS 
999 f f |s 9a357440-b02d-3624-849c-28b447c77973  |i ead57c2f-0bd1-35df-8b52-26d5c1c90c80  |t 0 
952 f f |p normal  |a Texas A&M University  |b College Station  |c Sterling C. Evans Library  |d Evans: Library Stacks  |t 0  |e HV5801 .C49  |h Library of Congress classification  |i unmediated -- volume  |m A14803028088 
998 f f |a HV5801 .C49  |t 0  |l Evans: Library Stacks